|
|
|
|
| LEADER |
01195nam a22002417a 4500 |
| 001 |
40141 |
| 003 |
BD-DhAAL |
| 008 |
221207t2000 ii ||||| |||| 00| 0 ben d |
| 999 |
|
|
|c 45122
|d 45122
|
| 040 |
|
|
|a BD-DhAAL
|d BD-DhAAL
|
| 041 |
|
|
|a ben
|
| 082 |
|
|
|a 891.443
|2 23
|
| 100 |
|
|
|a সরকার, সৌম্যেন্দ্রনাথ
|9 52735
|
| 245 |
|
|
|a কবিকঙ্কণ মুকুন্দরামের চণ্ডীমঙ্গল :
|b আক্ষটি খণ্ড (কালকেতুর উপাখ্যান) /
|c সৌম্যেন্দ্রনাথ সরকার.
|
| 260 |
|
|
|a কলকাতা :
|b গ্রন্থবিকাশ,
|c ২০০০.
|
| 300 |
|
|
|a ১৩৩ পৃষ্ঠা ;
|c ২২ সে.মি.
|
| 362 |
|
|
|a আক্ষটি খণ্ড
|
| 541 |
|
|
|a Donated By Akbar Ali Khan
|e 40141
|
| 650 |
|
|
|a Short stories, Bengali.
|9 52736
|
| 650 |
|
|
|a Bengali literature.
|9 52737
|
| 852 |
|
|
|a Ayesha Abed Library
|c Akbar Ali Khan Collection
|
| 942 |
|
|
|2 ddc
|c BK
|
| 952 |
|
|
|0 0
|1 0
|2 ddc
|4 0
|6 891_443000000000000_SAR
|7 1
|9 72446
|a BRACUL
|b BRACUL
|c CS1
|d 2022-12-07
|e Donated by Akbar Ali Khan
|g 100.00
|l 0
|o 891.443 SAR
|p 3010040141
|r 2022-12-07
|t 1
|w 2022-12-07
|y BK
|